000 00747nam a22002417a 4500
005 20170124105940.0
010 _aB-121801
020 _c500.00
_a9788126121595
035 _aB-121801
037 _bCen Lib/Ret
040 _aDPL
_bEN
082 _a323
245 _aGirl child and human rights /
_cedited by Debadutta chaudhary [and] S.N.Tripathy
260 _aNew Delhi
_bAnmol publications
_c2005
270 _a4374/4B,Ansari road Darya Ganj
_bNew Delhi
_e110002
300 _axi,185p.
_c21cm(Hb)
500 _aIncludes index
650 _aHuman rights
_911001
650 _aGirls--Social conditions
_911002
700 _aChaudhary,Debadutta
_911003
700 _aTripathy,S.N.
_911004
942 _2ddc
_cEN
_h323
_mGIR
999 _c124513
_d124513